00467 a2200169 450000100060000002000140000604000240002010000230004424000300006724500250009730000070012236200090012965000310013894200070016995201040017699900170028047461 a978857238 cAnchieta - Aquarius aCorgozinho, Lilian10aCompartilhar é bomlpor10aCompartilhar é bom a160 a2009 4aLiteratura infanto-juvenil cBK 00104070a87.1b87.1d2023-11-21l0o028.5 COR COMp6172/AQUr2023-11-21 15:14:19w2023-11-21yBK c47461d47461